000 02453cam a2200337 4500500
005 20260329015430.0
041 _afre
042 _adc
100 1 0 _aPodolsky, Nika
_eauthor
245 0 0 _a“So you Read the Right Books as a Child”
260 _c2025.
500 _a52
520 _aUsing data from in-depth interviews with Russian citizens in 2022 and digital ethnography, we explore the ways and meanings of referring to cultural patterns and cultural practices in a crisis, as well as the cultural repertoire of these references. In line with grounded theory strategy, the following procedures have been identified: 1) culture as a way of living through the crisis in escapism and the search for meaning, 2) culture as an explanation of what is happening through scholarly-sounding rationalization, a fictionalized past, and stories of heroism and adventure, and 3) culture as resistance, demonstration of solidarity, and position formation.
520 _aCette note, qui s’appuie sur des entretiens approfondis avec des citoyens russes en 2022 et sur une ethnographie numérique, explore les manières dont on se réfère à des modèles et à des pratiques culturels dans une situation de crise, ainsi que le répertoire culturel qui sous-tend ces références. Dans une stratégie de théorie ancrée, on a pu identifier trois modalités de référence : 1) la culture comme moyen de vivre la situation de crise dans l’évasion et la quête de sens, 2) la culture comme explication de ce qui se passe à travers le savoir scientifique, les fictions sur le passé ou les récits d’héroïsme et d’aventure, 3) la culture comme résistance, manifestation de solidarité et prise de conscience.
690 _aculture populaire
690 _aguerre de 2022 contre l’Ukraine
690 _alittérature (lecture)
690 _apratiques culturelles
690 _arésistance
690 _aRussie contemporaine
690 _asociété russe
690 _a2022 war against Ukraine
690 _acontemporary Russia
690 _acultural practices
690 _aliterature (reading)
690 _apopular culture
690 _aresistance
690 _aRussian society
786 0 _nRevue d’études comparatives Est-Ouest | 55 | 2 | 2025-07-09 | p. 99-126 | 0338-0599
856 4 1 _uhttps://shs.cairn.info/revue-revue-detudes-comparatives-est-ouest-2025-1-page-99?lang=en&redirect-ssocas=7080
999 _c1897881
_d1897881